000 01167nam a22002897a 4500
999 _c65385
_d65385
005 20240530110822.0
008 190717s2019 ua g b 000 0 ara d
017 _a11086
_bمصر. دار الكتب
020 _a9789773085700
040 _aEG-CaGPL
_cEG-CaGPL
082 0 4 _221
_a153.9/
_bم ا
100 0 _aممدوح جابر شلبى
245 1 0 _aاكتشاف الوسائل الجديدة بطريقة التركيب العقلى :
_bالعصف الذهنى /
_cتاليف ممدوح جابر شلبى...[ وآخ ]
250 _aط.1
260 _aالقاهرة :
_bدار العلم والايمان للنشر والتوزيع،
_c2019.
300 _a539 ص.؛
_c24 سم.
504 _aيشتمل على ارجاعات ببليوجرافية
650 0 7 _2qrmak
_aالتفكير
650 0 7 _2qrmak
_aالادراك
650 0 7 _2qrmak
_aالذكاء
651 _2qrmak
700 0 _aابراهيم جابر المصرى
_eمؤلف مشارك
700 0 _aحشمت رزق اسعد
_eمؤلف مشارك
700 0 _aمنال احمد الدسوقى
_eمؤلف مشارك
942 _2ddc
_cBK